000 00291nam a22001337a 4500
008 170929b xxu||||| |||| 00| 0 eng d
020 _a9780978507916
041 _aeng
080 _a37
100 _a47
101 _aEDU
245 _aGETTING TO THE QUAD
_cROBERTS.H
942 _2udc
_cBK
999 _c30738
_d30738